| 000 | 00858nam a2200265Ia 4500 | ||
|---|---|---|---|
| 003 | OSt | ||
| 005 | 20221005094614.0 | ||
| 006 | a|||||r|||| 00| 0 | ||
| 007 | ta | ||
| 008 | 221004b |||||||| |||| 00| 0 eng d | ||
| 020 |
_a0195799747 _c495 |
||
| 024 | _a82904 | ||
| 037 |
_b6099, 30/03/2005, Uppal Book Stores _cTextual |
||
| 040 |
_aCRL _cCRL _beng |
||
| 041 |
_2eng _aeng |
||
| 082 | _aO168,1M73x, 111P4 | ||
| 100 |
_aKiernan V. G. Tr. _9619270 |
||
| 245 | 0 |
_aPoems from Iqbal _b Renderings in English verse with comparative Urdu text tr by V. G. Kiernan |
|
| 260 |
_aOxford _bOxford University Press U. K. _c2004 |
||
| 300 |
_a292p. _ccm. |
||
| 650 | _a URDU LITERATURE | ||
| 650 | _aIQBAL | ||
| 942 |
_hO168,1M73x, 111P4 _cTEXL _2cc |
||
| 999 |
_c1002167 _d1002167 |
||